Представление документа в формате MARC21

Поле Инд. ПП Название Значение
Тип записи a
Библиографический уровень m
001 Контрольный номер 62336b02-62c1-4a21-acd5-d8d9e514dcf5
005 Дата корректировки 20140703130540.7
008 Кодируемые данные 040628
020 c Цена, тираж б/ц
040 a Служба первич. каталог. НБ ТвГУ
041 a Код языка текста rus
080 a Индекс УДК 808.2-087-25(043.3)
084 a Индекс другой классификации/Индекс ББК Ш141.12-51я031
a Индекс другой классификации/Индекс ББК Ш141.12-212.5я031
090 x Авторский знак Ш13
a Полочн. индекс Ш141.12
100 1_ a Автор Шаброва Елена Николаевна
245 10 a Заглавие Морфемика диалектного глагола
b Продолж. заглавия автореф. дис. ... д-ра филол. наук : 10.02.01
c Ответственность С.-Петерб. гос. ун-т, Каф. рус. яз.
260 0_ a Место издания СПб.
b Издательство Санкт-Петербургский гос. ун-т
c Дата издания 2003
300 a Объем 49 с.
500 a Примечание На правах рукоп.
504 a Библиография Библиогр.: с.47-49.
583 a Действие Получение впервые 285 29.06.2004
650 a Основная рубрика Русский язык
x Основная подрубрика Диалектология
x Основная подрубрика Глагол диалектный
x Основная подрубрика Морфология
x Основная подрубрика Грамматика
653 a Ключевые слова Русский язык
a Ключевые слова Диалектология русского языка
a Ключевые слова Грамматика русского языка
a Ключевые слова Морфология русского языка
a Ключевые слова Глагол в русском языке
a Ключевые слова Диалектный глагол
a Ключевые слова Авторефераты
852 t Порядковый номер экземпляра 1
p Инвентарный номер б/н
888 a Бесплатные
930 a Новая/Ретро авторефераты
952 p 285.2004 б/ц 1 б/н
c Вид литературы А/Р н
954 a Дата поступления на обработку 20040924
999 a Подразделение 2 ч.з.